LIBRARY & INFORMATION CENTRE, KCAET, TAVANUR

ONLINE PUBLIC ACCESS CATALOGUE (OPAC)

Arid Land Irrigation and Ecological Management (Record no. 14602)

MARC details
000 -LEADER
fixed length control field 00310nam a22001217a 4500
020 ## - INTERNATIONAL STANDARD BOOK NUMBER
ISBN 9789351112754
082 ## - DEWEY DECIMAL CLASSIFICATION NUMBER
Classification number 333.95160
Item number KID/AR
100 ## - MAIN ENTRY--AUTHOR NAME
Personal name Kidwai,Nehal
245 ## - TITLE STATEMENT
Title Arid Land Irrigation and Ecological Management
260 ## - PUBLICATION, DISTRIBUTION, ETC. (IMPRINT)
Place of publication New Delhi
Name of publisher Random Publications
Year of publication 2014
300 ## - PHYSICAL DESCRIPTION
Number of Pages 312
942 ## - ADDED ENTRY ELEMENTS (KOHA)
Koha item type Books
Holdings
Withdrawn status Lost status Damaged status Collection code Home library Current library Shelving location Date acquired Source of acquisition Cost, normal purchase price Full call number Accession Number Koha item type
        KAUAET KAUAET General Stacks 20/07/2016 Southern Book Star, Tvm 1550.00 333.95160 KID/AR 24888 Books
free website counter